[Event "Moscow Open 2009 B"]
[Site "www.moscowchessopen.ru"]
[Date "2009.02.02"]
[Round "3.75"]
[White "Manelyuk, Nikita"]
[Black "Klyuev, Alexander S"]
[Result "1/2-1/2"]
[WhiteElo "2162"]
[BlackElo "1755"]
[Annotator ""]
[Source ""]
[Remark ""]

1.e4 c5 2.f4 Nc6 3.Nf3 g6 4.Nc3 Bg7 5.d3 d6 6.Be3 e6 7.Qd2 Nge7
8.Nd1 b6 9.g4 Bb7 10.Bg2 Qd7 11.c3 f5 12.gxf5 exf5 13.Nf2 O-O-O
14.O-O-O Kc7 15.d4 fxe4 16.Nxe4 Na5 17.Neg5 Nf5 18.Bf2 h6 19.Nh3
Rhe8 20.dxc5 bxc5 21.Nh4 Nc4 22.Qd3 Bxg2 23.Nxg2 Qa4 24.Rhe1
Qxa2 25.Qb1 Qa6 26.Nh4 Qb5 27.Nxf5 gxf5 28.Qa2 a6 29.Bh4 Rb8
30.Rxe8 Rxe8 31.Rg1 Bh8 32.Re1 Rxe1+ 33.Bxe1 d5 34.b3 Nb6 35.Nf2
Bf6 36.Qc2 Qe8 37.Bd2 Qe6 38.Nd3 Be7 39.Ne5 Nd7 40.Qd3 Nxe5 41.fxe5
Bg5 42.Qg3 f4 43.Qf2 Kc6 44.Qe2 Kb7 45.c4 dxc4 46.bxc4 Ka7 47.Qe4
f3 48.Qxf3 Bxd2+ 49.Kxd2 Qxe5 50.Qf7+ Kb6 51.Qg6+ Ka5 52.Qxh6
Qd4+ 53.Ke1 Qxc4 54.Qd2+ Ka4 55.Qd1+ Qb3 56.Qd6 a5 57.Qc6+ Ka3
58.h4 Qg3+ 59.Kd1 Qg4+ 60.Kc1 Qxh4 61.Qxc5+ Qb4 62.Qe3+ Ka4 63.Qe8+
Kb3 64.Qe3+ Kc4 1/2-1/2

[Event "Moscow Open 2009 B"]
[Site "www.moscowchessopen.ru"]
[Date "2009.02.02"]
[Round "3.77"]
[White "Kalinin, Anatoly"]
[Black "Dolbnia, Dmitry"]
[Result "1/2-1/2"]
[WhiteElo "2293"]
[BlackElo "2027"]
[Annotator ""]
[Source ""]
[Remark ""]

1.d4 d5 2.Nf3 Nf6 3.c4 e6 4.Nc3 Nbd7 5.Bg5 c6 6.cxd5 exd5 7.e3
Be7 8.Bd3 O-O 9.Qc2 Re8 10.O-O Nf8 11.Rae1 Ne4 12.Bxe7 Qxe7 13.Nd2
Bf5 14.Nb3 Qg5 15.f3 Nxc3 16.bxc3 Bxd3 17.Qxd3 Ng6 18.g3 h5 19.Kh1
h4 20.g4 h3 21.Rg1 Qh4 22.Qd2 Re7 23.Nc5 Rae8 24.Nd3 b6 25.Rg3
c5 26.f4 Qf6 27.f5 c4 28.fxg6 cxd3 29.gxf7+ Rxf7 30.Qxd3 Qf2
31.Qd1 Rf3 32.Qxf3 Qxe1+ 33.Rg1 Qxe3 34.Qxd5+ Kh8 35.c4 Re4 36.Rf1
Rf4 37.Qd8+ Kh7 38.Qh4+ Kg8 39.Qd8+ Kh7 1/2-1/2

[Event "Moscow Open 2009 B"]
[Site "www.moscowchessopen.ru"]
[Date "2009.02.02"]
[Round "3.78"]
[White "Yusubov, Timur"]
[Black "Velikanov, Igor"]
[Result "0-1"]
[WhiteElo "2023"]
[BlackElo "2292"]
[Annotator ""]
[Source ""]
[Remark ""]

1.Nc3 d5 2.e4 d4 3.Nce2 d3 4.cxd3 e5 5.Nf3 Nc6 6.d4 exd4 7.Qa4
Bc5 8.b4 Bxb4 9.Nexd4 Nge7 10.Bb5 Bd6 11.e5 Bc5 12.Nxc6 bxc6
13.Bxc6+ Bd7 14.Bxd7+ Qxd7 15.Qxd7+ Kxd7 16.d4 Bb6 17.Ba3 Nd5
18.O-O h6 19.Rac1 Rhd8 20.Rfe1 Ke6 21.Rc6+ Kd7 22.Rcc1 Ke6 23.Rc6+
Kd7 24.Rc4 Ke6 25.Rec1 Re8 26.g3 Rad8 27.Nh4 g6 28.f4 Ne3 29.Rc6+
Kd5 30.Nf3 Ke4 31.Kf2 Bxd4 32.Re1 Bb6 33.Rxb6 axb6 34.Rxe3+ Kd5
35.Rc3 c5 36.Ke3 Ra8 37.Nd2 Ra4 38.Kd3 Rea8 39.Nc4 Rxc4 40.Rxc4
Rxa3+ 41.Rc3 c4+ 42.Kc2 Rxa2+ 0-1

[Event "Moscow Open 2009 B"]
[Site "www.moscowchessopen.ru"]
[Date "2009.02.02"]
[Round "3.79"]
[White "Zhdanov, Vladimir"]
[Black "Volkov, Sergei"]
[Result "1/2-1/2"]
[WhiteElo "2025"]
[BlackElo "2286"]
[Annotator ""]
[Source ""]
[Remark ""]

1.e4 c5 2.Nc3 Nc6 3.g3 g6 4.Bg2 Bg7 5.Nge2 e6 6.d3 Nge7 7.Be3
Nd4 8.O-O O-O 9.Qd2 Nec6 10.Nd1 d6 11.Nf4 Rb8 12.c3 Nb5 13.Nh3
Bd7 14.Bh6 Nc7 15.Bxg7 Kxg7 16.Ne3 e5 17.f4 f6 18.Kh1 b5 19.Ng1
b4 20.Ne2 bxc3 21.bxc3 Qe7 22.Rab1 Rfc8 23.g4 Rxb1 24.Rxb1 Rb8
25.Rxb8 Nxb8 26.Qb2 Qd8 27.Qb7 Nc6 28.Nd5 Nxd5 29.exd5 Ne7 30.h3
a5 31.d4 exd4 32.cxd4 cxd4 33.Nxd4 Qc8 34.Qxc8 Nxc8 35.Nc6 a4
36.Kg1 g5 37.f5 Kf7 38.Kf2 Nb6 39.Ke3 Bc8 40.Nd4 Ba6 1/2-1/2

[Event "Moscow Open 2009 B"]
[Site "www.moscowchessopen.ru"]
[Date "2009.02.02"]
[Round "3.80"]
[White "Pechnikov, Artiom"]
[Black "Babaev, Mikhail"]
[Result "1-0"]
[WhiteElo "2267"]
[BlackElo "2023"]
[Annotator ""]
[Source ""]
[Remark ""]

1.e4 Nf6 2.e5 Nd5 3.c4 Nb6 4.d4 d6 5.f4 dxe5 6.fxe5 Nc6 7.Be3
Bf5 8.Nc3 e6 9.Nf3 Be7 10.d5 Nb4 11.Nd4 Bg5 12.Bf2 O-O 13.a3
Na6 14.g4 Bh4 15.gxf5 Bxf2+ 16.Kxf2 Qh4+ 17.Kg2 Qg5+ 18.Kh3 Qh6+
19.Kg3 exf5 20.Nxf5 Qg5+ 21.Qg4 Qxg4+ 22.Kxg4 Rae8 23.Re1 Nd7
24.Kf4 g5+ 25.Kg3 Nxe5 26.b4 h5 27.c5 h4+ 28.Kg2 Kh7 29.Bxa6
bxa6 30.Rhf1 Kg6 31.d6 cxd6 32.cxd6 Re6 33.Nd5 Kh7 34.Nc7 Nd3
35.Rxe6 fxe6 36.Nxe6 1-0

[Event "Moscow Open 2009 B"]
[Site "www.moscowchessopen.ru"]
[Date "2009.02.02"]
[Round "3.81"]
[White "Potlov, Semen"]
[Black "Kazakov, Konstantin"]
[Result "1/2-1/2"]
[WhiteElo "2020"]
[BlackElo "2265"]
[Annotator ""]
[Source ""]
[Remark ""]

1.d4 d5 2.Nf3 Nf6 3.Bf4 e6 4.e3 c5 5.c3 Nc6 6.Bd3 Bd6 7.Bg3 Ne4
8.Nbd2 f5 9.Bxd6 Qxd6 10.O-O O-O 11.Re1 c4 12.Bc2 b5 13.Rc1 Rf6
14.Nf1 Bd7 15.N3d2 Raf8 16.f3 Ng5 17.e4 fxe4 18.fxe4 Qf4 19.e5
Rh6 20.Qe2 Be8 21.Qe3 Qh4 22.Qg3 Ne7 23.Qxh4 Rxh4 24.Ng3 Bg6
25.Bxg6 Nxg6 26.Ne2 Rg4 27.g3 Nh4 28.Rf1 Nh3+ 29.Kh1 Nf5 30.Kg2
Ng5 31.Rf4 Rxf4 32.Nxf4 Re8 33.Re1 Nf7 34.h4 Nd8 35.Nf3 Rf8 36.Ng5
Re8 37.Nf3 a5 38.a3 g6 39.g4 Ne7 40.h5 Kg7 41.Ng5 Ng8 42.hxg6
hxg6 43.Rh1 Nh6 44.Kg3 Nhf7 45.Nfh3 Re7 46.Rf1 Nxg5 47.Nxg5 Nf7
48.Nxf7 Rxf7 49.Rxf7+ Kxf7 50.Kf4 Kf8 51.Kg5 Kg7 1/2-1/2

[Event "Moscow Open 2009 B"]
[Site "www.moscowchessopen.ru"]
[Date "2009.02.02"]
[Round "3.82"]
[White "Kasyanov, Aysen"]
[Black "Paravyan, David"]
[Result "1-0"]
[WhiteElo "2257"]
[BlackElo "2021"]
[Annotator ""]
[Source ""]
[Remark ""]

1.d4 d5 2.c4 e6 3.Nc3 Nf6 4.Bg5 c6 5.e3 Be7 6.Nf3 Nbd7 7.Bd3
dxc4 8.Bxc4 b5 9.Bd3 Bb7 10.O-O a6 11.Rc1 Rc8 12.Bb1 c5 13.Qe2
b4 14.Na4 cxd4 15.Nxd4 O-O 16.Rfd1 Qa5 17.Bxf6 Nxf6 18.b3 Qg5
19.f4 Qg4 20.Nb6 Qxe2 21.Nxe2 Rxc1 22.Rxc1 Rb8 23.Nd4 Bd8 24.Na4
Rc8 25.Rxc8 Bxc8 26.Nc6 Bd7 27.Nxd8 Nd5 28.Bd3 Nxe3 29.Bxa6 Nd5
30.Nc5 Be8 31.Nd3 Kf8 32.Bc4 Ke7 33.Bxd5 exd5 1-0

[Event "Moscow Open 2009 B"]
[Site "www.moscowchessopen.ru"]
[Date "2009.02.02"]
[Round "3.83"]
[White "Oleinikov, Dmitrij"]
[Black "Rigovich, Albert"]
[Result "1-0"]
[WhiteElo "2256"]
[BlackElo "2016"]
[Annotator ""]
[Source ""]
[Remark ""]

1.d4 Nf6 2.Nf3 g6 3.Nc3 Bg7 4.e4 d6 5.Be3 c6 6.Qd2 Nbd7 7.Bh6
Bxh6 8.Qxh6 e5 9.h3 b5 10.Bd3 Bb7 11.O-O b4 12.Ne2 Ng8 13.Qd2
Qb6 14.dxe5 dxe5 15.Bc4 Ngf6 16.Qh6 Qc5 17.Bd3 Qf8 18.Qg5 h6
19.Qd2 Qd6 20.Rad1 Kf8 21.Ng3 Kg7 22.Qe3 Qe7 23.Nh4 Kh7 24.f4
Rhe8 25.fxe5 Qxe5 26.Bc4 Rf8 27.Rf2 Qg5 28.Qxg5 hxg5 29.Nf3 Kh6
30.e5 Nd5 31.Ne4 N7b6 32.Bxd5 cxd5 33.Nexg5 Rae8 34.Rd4 Nc4 35.e6
Nd6 36.exf7 Nxf7 37.Rh4+ Kg7 38.Rxb4 Bc6 39.Nxf7 Rxf7 40.Rd2
Rfe7 41.Nd4 Ba8 42.Ra4 Rf8 43.Re2 Rxe2 44.Nxe2 Rf7 45.Ra6 Kh6
46.Nd4 Kg5 47.g3 1-0

[Event "Moscow Open 2009 B"]
[Site "www.moscowchessopen.ru"]
[Date "2009.02.02"]
[Round "3.84"]
[White "Beliaev, Vitaly"]
[Black "Kotov, Andrey"]
[Result "1/2-1/2"]
[WhiteElo "2007"]
[BlackElo "2254"]
[Annotator ""]
[Source ""]
[Remark ""]

1.e4 Nf6 2.e5 Nd5 3.d4 d6 4.c4 Nb6 5.f4 Bf5 6.Nc3 Nc6 7.Be3 g6
8.Nf3 Bg7 9.Be2 O-O 10.h3 d5 11.b3 f6 12.c5 Nc8 13.Nxd5 Kh8 14.Nc3
b6 15.g4 fxe5 16.dxe5 Bd7 17.Ne4 e6 18.Qd2 N8e7 19.Nc3 Qe8 20.Rd1
Rd8 21.Qc1 Nb4 22.O-O Nbd5 23.Nxd5 Nxd5 24.Bc4 Bb5 25.Bxb5 Qxb5
26.Nd4 Qe8 27.cxb6 axb6 28.Ne2 Ra8 29.Nc3 Nxc3 30.Qxc3 Rxa2 31.Ra1
Rxa1 32.Rxa1 c5 33.Qd2 Qc6 34.Qg2 Qb5 35.Qc2 g5 36.f5 exf5 37.gxf5
Bxe5 38.Ra7 Qb4 39.Kg2 Qh4 40.Bf2 Qf4 41.Qd3 g4 42.hxg4 Qxg4+
43.Kf1 Qxf5 44.Qxf5 Rxf5 45.Kg2 Rg5+ 46.Kf3 Rg7 47.Ra8+ Rg8 48.Ra7
Rd8 49.Ke4 Bd4 50.Bh4 Re8+ 51.Kd5 Rg8 52.Rb7 Rg6 53.Bd8 h5 54.Rxb6
Rxb6 55.Bxb6 h4 56.b4 h3 57.Bc7 1/2-1/2

[Event "Moscow Open 2009 B"]
[Site "www.moscowchessopen.ru"]
[Date "2009.02.02"]
[Round "3.85"]
[White "Rakhmatulaev, Konstantin"]
[Black "Chirva, Leonid"]
[Result "0-1"]
[WhiteElo "2002"]
[BlackElo "2245"]
[Annotator ""]
[Source ""]
[Remark ""]

1.d4 Nf6 2.c4 g6 3.Nc3 Bg7 4.e4 O-O 5.e5 Ne8 6.f4 d6 7.Be3 c5
8.dxc5 Nc6 9.cxd6 exd6 10.Nf3 Bg4 11.Be2 Qa5 12.Qa4 Qxa4 13.Nxa4
b6 14.exd6 Nxd6 15.c5 Nf5 16.Bf2 Rfe8 17.Kf1 Ne3+ 18.Bxe3 Rxe3
19.h3 Bf5 20.Bb5 Be4 21.Kf2 Bxf3 22.Kxe3 Bxg2 23.Rhd1 bxc5 24.Rd2
Bd4+ 25.Ke2 Re8+ 26.Kd1 Bf3+ 27.Be2 Re3 28.a3 Na5 29.Nc3 Nb3 0-1

[Event "Moscow Open 2009 B"]
[Site "www.moscowchessopen.ru"]
[Date "2009.02.02"]
[Round "3.86"]
[White "Yuganova, Marina"]
[Black "Matveev, Mikhail"]
[Result "0-1"]
[WhiteElo "2000"]
[BlackElo "2245"]
[Annotator ""]
[Source ""]
[Remark ""]

1.c4 Nf6 2.Nc3 c5 3.Nf3 e6 4.d4 cxd4 5.Nxd4 b6 6.e4 d6 7.Be2
Bb7 8.f3 Be7 9.O-O O-O 10.Be3 Nbd7 11.Nc2 a6 12.Qd2 Qc7 13.Rac1
Rac8 14.Rfd1 Rfe8 15.Bf1 Qb8 16.Qf2 Bd8 17.Rd2 Bc7 18.Rcd1 Rcd8
19.Bf4 Nf8 20.Nb4 Ng6 21.Bg5 d5 22.g3 dxe4 23.Bxf6 gxf6 24.Nxe4
Kg7 25.Bg2 f5 26.Nc3 f4 27.Ne2 h5 28.Nd3 e5 29.Kh1 Rh8 30.Nb4
b5 31.c5 Ba5 32.a3 h4 33.gxf4 h3 34.Bf1 Rxd2 35.Rxd2 exf4 36.Rd6
Bxb4 37.axb4 Re8 38.Nd4 Kg8 39.Bxh3 Re3 40.Bf5 Qe8 41.c6 Qe7
42.Rd7 Qh4 43.Qxh4 Nxh4 44.Kg1 Bxc6 45.Rd8+ Kg7 46.Nxc6 Nxf5
47.Rd5 Nh4 48.Nb8 Rxf3 49.Nxa6 Rb3 50.Rxb5 Rxb2 51.Rh5 Nf3+ 52.Kf1
Nxh2+ 53.Ke1 Kg6 54.Rh3 f3 0-1

[Event "Moscow Open 2009 B"]
[Site "www.moscowchessopen.ru"]
[Date "2009.02.02"]
[Round "3.87"]
[White "Losev, Sergey"]
[Black "Rozhkov, Vecheslav"]
[Result "0-1"]
[WhiteElo "1985"]
[BlackElo "2243"]
[Annotator ""]
[Source ""]
[Remark ""]

1.d4 d5 2.c4 dxc4 3.e3 e6 4.Bxc4 Nf6 5.Nc3 a6 6.a4 c5 7.Nf3 Nc6
8.O-O Be7 9.h3 O-O 10.Qd3 Nb4 11.Qe2 cxd4 12.exd4 Nfd5 13.Ne4
Bd7 14.Be3 Rc8 15.Rfc1 Nb6 16.Bb3 Rxc1+ 17.Bxc1 Bc6 18.Bf4 Bd5
19.Bxd5 N6xd5 20.Bg3 Qa5 21.b3 Rc8 22.Nd6 Rc2 23.Qe4 b5 24.Re1
Nc3 25.Qb7 Nbd5 26.Nxf7 Ne2+ 27.Rxe2 Rxe2 28.N3e5 Qc7 29.Qa8+
Bf8 30.Qxa6 Re1+ 31.Kh2 Qc1 32.Bh4 Rh1+ 33.Kg3 Qf4# 0-1

[Event "Moscow Open 2009 B"]
[Site "www.moscowchessopen.ru"]
[Date "2009.02.02"]
[Round "3.88"]
[White "Zernyshkin, Vladislav"]
[Black "Vashchenko, Jurij"]
[Result "1/2-1/2"]
[WhiteElo "2242"]
[BlackElo "2016"]
[Annotator ""]
[Source ""]
[Remark ""]

1.e4 e5 2.Nf3 Nc6 3.Nc3 Nf6 4.d4 Bb4 5.d5 Ne7 6.Nxe5 O-O 7.Bd3
Nexd5 8.exd5 Re8 9.Bf4 d6 10.O-O dxe5 11.Bg5 Bxc3 12.bxc3 h6
13.Bxf6 Qxf6 14.f3 Qb6+ 15.Kh1 Qc5 16.c4 f5 17.Qd2 Bd7 18.Rfe1
Re7 19.Qe3 Qd6 20.Qd2 b6 1/2-1/2

[Event "Moscow Open 2009 B"]
[Site "www.moscowchessopen.ru"]
[Date "2009.02.02"]
[Round "3.90"]
[White "Sidorov, Kirill"]
[Black "Shuvalov, Evgenij"]
[Result "0-1"]
[WhiteElo "1981"]
[BlackElo "2213"]
[Annotator ""]
[Source ""]
[Remark ""]

1.d4 d5 2.c4 c6 3.e3 Nf6 4.Nf3 e6 5.Nc3 Nbd7 6.Qc2 dxc4 7.Bxc4
b5 8.Bb3 Bb7 9.O-O a6 10.e4 c5 11.e5 cxd4 12.exf6 dxc3 13.Rd1
Bxf3 14.gxf3 Qxf6 15.Qe2 Be7 16.bxc3 Ne5 17.f4 Ng6 18.Qf3 O-O
19.a3 Rac8 20.Bd2 Bd6 21.a4 Bxf4 22.Bxf4 Rxc3 0-1

[Event "Moscow Open 2009 B"]
[Site "www.moscowchessopen.ru"]
[Date "2009.02.02"]
[Round "3.91"]
[White "Davydenko, Andrey"]
[Black "Yudin, Andrey"]
[Result "1-0"]
[WhiteElo "2212"]
[BlackElo "2013"]
[Annotator ""]
[Source ""]
[Remark ""]

1.e4 e5 2.Nf3 Nc6 3.Bb5 a6 4.Ba4 Nf6 5.d3 d6 6.c3 Bd7 7.Nbd2
g6 8.Nf1 Bg7 9.Bg5 h6 10.Bh4 Qe7 11.Ne3 g5 12.Bg3 Qf8 13.Bc2
h5 14.h4 g4 15.Ng1 Ng8 16.Ne2 Nge7 17.d4 f5 18.exf5 Nxf5 19.O-O
O-O-O 20.Bxf5 Bxf5 21.d5 Ne7 22.b4 Kb8 23.a4 b6 24.c4 Bd7 25.Qb3
e4 26.Ra2 Nf5 27.c5 Nxg3 28.fxg3 Qe7 29.cxb6 cxb6 30.Nc4 Be8
31.b5 axb5 32.axb5 Qb7 33.Rd1 Bf7 34.Nf4 Rd7 35.Ra6 Qc7 36.Rxb6+
Kc8 37.Rc6 1-0

[Event "Moscow Open 2009 B"]
[Site "www.moscowchessopen.ru"]
[Date "2009.02.02"]
[Round "3.92"]
[White "Minnehanov, Eldar"]
[Black "Asgarov, Mushfig Nizami Oglu"]
[Result "0-1"]
[WhiteElo "1979"]
[BlackElo "2192"]
[Annotator ""]
[Source ""]
[Remark ""]

1.e4 c5 2.Nf3 d6 3.d4 cxd4 4.Nxd4 Nf6 5.Nc3 a6 6.Bc4 e6 7.O-O
Be7 8.Bb3 O-O 9.f4 b5 10.e5 dxe5 11.fxe5 Nfd7 12.Be3 Nxe5 13.Qh5
Ng6 14.Rad1 Qc7 15.Nf3 Bb7 16.Rd2 Nd7 17.Qh3 Nc5 18.Rfd1 Rad8
19.Rxd8 Rxd8 20.Rxd8+ Qxd8 21.Nd4 Nxb3 22.axb3 Bc5 23.Nce2 e5
24.Nf5 Qd2 25.Kf2 Nf4 26.Qg4 Bxe3+ 27.Nxe3 h5 0-1

[Event "Moscow Open 2009 B"]
[Site "www.moscowchessopen.ru"]
[Date "2009.02.02"]
[Round "3.93"]
[White "Yudkevich, Mikhail"]
[Black "Martov, Vadim"]
[Result "1-0"]
[WhiteElo "2190"]
[BlackElo "2002"]
[Annotator ""]
[Source ""]
[Remark ""]

1.d4 d5 2.c4 c6 3.Nf3 Nf6 4.Nc3 a6 5.c5 Nbd7 6.Bf4 g6 7.h3 Bg7
8.e3 O-O 9.Be2 Re8 10.Bh2 Nf8 11.O-O N6d7 12.Na4 f6 13.Qc2 e5
14.dxe5 fxe5 15.e4 d4 16.Bc4+ Ne6 17.Qb3 Qe7 18.Ng5 Qxg5 19.Bxe6+
Kh8 20.Bf7 Rf8 21.Be6 Rb8 22.Rad1 Qe7 23.Bxd7 Bxd7 24.Qc2 g5
25.b3 Rg8 26.Nb2 Bf6 27.f3 Rbf8 28.Nd3 Rg7 29.Rd2 Re8 30.Rdf2
h5 31.Re2 Rg6 32.Ref2 Reg8 33.Qd2 Bc8 34.Kh1 Kh7 35.Qe1 R8g7
36.Qd1 Rh6 37.Qe2 g4 38.fxg4 hxg4 39.Rxf6 Rxf6 40.Rxf6 Qxf6 41.Bxe5
Qg5 42.Bxg7 Kxg7 43.hxg4 Bxg4 44.Qf2 Qe3 45.Qxe3 dxe3 46.Kg1
Kf6 47.Kf1 Ke6 48.Kg1 Kf6 49.Kh2 Bd1 50.Kg3 Bc2 51.Ne1 Bxe4 52.Kf4
Bb1 53.a3 Ba2 54.b4 e2 55.Ke4 Bc4 56.Kd4 Bf7 57.Kd3 Bh5 58.Kd2
Ke5 59.Nf3+ Kd5 60.Kxe2 Kc4 61.Kd2 Kb3 62.Ne5 Kxa3 63.Kc3 Ka4
64.Nc4 Bf7 65.Nd6 Bd5 66.g3 a5 67.bxa5 Kxa5 68.Nxb7+ Kb5 69.Kd4
Bf3 70.Nd6+ Kb4 71.Nf7 Bh5 72.Ne5 1-0

[Event "Moscow Open 2009 B"]
[Site "www.moscowchessopen.ru"]
[Date "2009.02.02"]
[Round "3.94"]
[White "Martynov, Vladimir"]
[Black "Tolmachev, Aleksander"]
[Result "1-0"]
[WhiteElo "2184"]
[BlackElo "2002"]
[Annotator ""]
[Source ""]
[Remark ""]

1.e4 Nf6 2.e5 Nd5 3.Nc3 e6 4.Nxd5 exd5 5.f4 d6 6.Nf3 Bf5 7.d4
Be7 8.Bd3 Qd7 9.exd6 cxd6 10.O-O O-O 11.c3 Be4 12.Ng5 f5 13.Bxe4
dxe4 14.d5 Bxg5 15.fxg5 Na6 16.b4 Rac8 17.Qd4 b5 18.Be3 Rc4 19.Qd2
Rfc8 20.Bd4 Qf7 21.g4 Qxd5 22.Rxf5 Qe6 23.Qf4 R4c7 24.Rf1 Qe7
25.Rxb5 Nb8 26.Qf5 Nc6 27.Rb7 Rxb7 28.Qxc8+ Nd8 29.Qc4+ Qe6 30.Qe2
Nc6 31.Bf2 Re7 32.b5 Na5 33.Bd4 Nc4 34.h3 d5 35.Bc5 Rf7 36.Rxf7
Kxf7 37.Qf2+ Kg6 38.Qh4 Kf7 39.Qxh7 Nd6 40.g6+ Kf6 41.Bd4+ Kg5
42.Qxg7 Nxb5 43.Be3+ Kh4 44.Kg2 1-0

[Event "Moscow Open 2009 B"]
[Site "www.moscowchessopen.ru"]
[Date "2009.02.02"]
[Round "3.95"]
[White "Fedechkin, Vladimir"]
[Black "Kretov, Evgueij"]
[Result "0-1"]
[WhiteElo "1976"]
[BlackElo "2181"]
[Annotator ""]
[Source ""]
[Remark ""]

1.e4 c5 2.Nf3 Nc6 3.d4 cxd4 4.Nxd4 g6 5.c4 Nf6 6.Nc3 d6 7.Be2
Nxd4 8.Qxd4 Bg7 9.Be3 O-O 10.Qd2 Be6 11.O-O Qa5 12.f3 Rfc8 13.b3
a6 14.Bd4 b5 15.cxb5 axb5 16.b4 Qxb4 17.Rfb1 Nxe4 18.Rxb4 Nxd2
19.Nxb5 Nb3 20.Bxg7 Nxa1 21.Bxa1 Rxa2 22.Bb2 Rc2 23.Bd4 Rxe2
24.Nc7 Re1# 0-1

[Event "Moscow Open 2009 B"]
[Site "www.moscowchessopen.ru"]
[Date "2009.02.02"]
[Round "3.96"]
[White "Sangadzhiev, German"]
[Black "Pokhlebin, Sergej"]
[Result "0-1"]
[WhiteElo "2180"]
[BlackElo "1999"]
[Annotator ""]
[Source ""]
[Remark ""]

1.d4 d5 2.c4 e6 3.Nc3 Nf6 4.Bg5 c5 5.cxd5 cxd4 6.Qxd4 Be7 7.O-O-O
exd5 8.e4 Nc6 9.Bb5 O-O 10.Bxc6 bxc6 11.e5 Ne8 12.Bxe7 Qxe7 13.f4
Bf5 14.h3 Nc7 15.g4 Nb5 16.Qd2 Nxc3 17.Qxc3 Be4 18.Rh2 Rab8 19.Ne2
Rb5 20.Qe3 Rb4 21.Nc3 Rfb8 22.Rd4 Rxd4 23.Qxd4 Rb4 24.Qe3 Qb7
25.Rd2 h6 26.f5 Qb8 27.f6 g5 28.Qc5 Rc4 29.Qd6 Rxc3+ 30.Kd1 Bf3+
31.Ke1 Qb6 0-1

[Event "Moscow Open 2009 B"]
[Site "www.moscowchessopen.ru"]
[Date "2009.02.02"]
[Round "3.97"]
[White "Mamaev, Evgeniy"]
[Black "Popov, Andrey"]
[Result "1-0"]
[WhiteElo "2179"]
[BlackElo "1988"]
[Annotator ""]
[Source ""]
[Remark ""]

1.g3 d5 2.Bg2 Nf6 3.c4 c6 4.cxd5 cxd5 5.d4 Nc6 6.Nc3 g6 7.Bg5
e6 8.Nf3 Bg7 9.O-O O-O 10.Qd2 Bd7 11.Qf4 Nh5 12.Qd6 f6 13.Be3
Rf7 14.Qa3 Bf8 15.Qb3 Na5 16.Qd1 Nc4 17.Bc1 Rc8 18.Nd2 Ng7 19.Nxc4
Rxc4 20.e3 Be8 21.Qd3 Rfc7 22.Bd2 Rc8 23.Rfc1 Nf5 24.b3 R4c7
25.Nb5 Rxc1+ 26.Rxc1 Rxc1+ 27.Bxc1 Qa5 28.a4 a6 29.Qc3 Qxc3 30.Nxc3
Bc6 31.Kf1 Kf7 32.Ke2 Bb4 33.Kd3 Ne7 34.Na2 Bd6 35.Bd2 Bd7 36.Bb4
Bxb4 37.Nxb4 Nc6 38.Kc3 Ke7 39.Nd3 b6 40.f3 Kd6 41.e4 Bc8 42.b4
Bd7 43.f4 dxe4 44.Bxe4 Ne7 45.a5 bxa5 46.bxa5 Bc6 47.Nc5 Bb5
48.Bb7 Nd5+ 49.Kb3 Nc7 50.Ne4+ Ke7 51.Kb4 Nd5+ 52.Kc5 Bf1 53.Bxd5
exd5 54.Nc3 1-0

[Event "Moscow Open 2009 B"]
[Site "www.moscowchessopen.ru"]
[Date "2009.02.02"]
[Round "3.98"]
[White "Pluzhnik, Mikhail"]
[Black "Udodov, Yuri"]
[Result "1-0"]
[WhiteElo "2177"]
[BlackElo "1986"]
[Annotator ""]
[Source ""]
[Remark ""]

1.e4 c5 2.Nf3 d6 3.d4 cxd4 4.Nxd4 Nf6 5.Nc3 Nc6 6.f3 a6 7.Bg5
Bd7 8.Qd2 Nxd4 9.Qxd4 Qa5 10.Bd2 Rc8 11.O-O-O e6 12.Kb1 Qc5 13.Qd3
b5 14.Be3 Qc7 15.g4 Bc6 16.Bf4 b4 17.Ne2 e5 18.Bg5 Ba4 19.b3
Bb5 20.Qd2 a5 21.Ng3 Bd7 22.Bxf6 gxf6 23.Nf5 h5 24.Bc4 Be6 25.Bb5+
Bd7 26.Bxd7+ Kxd7 27.Qe2 Qb6 28.Ne3 Ke6 29.Nd5 Qc5 30.f4 exf4
31.Nxf4+ Kd7 32.Rd5 Qc3 33.Rxa5 hxg4 34.Nd5 Qd4 35.Rd1 1-0

[Event "Moscow Open 2009 B"]
[Site "www.moscowchessopen.ru"]
[Date "2009.02.02"]
[Round "3.99"]
[White "Leonov, Vladislav"]
[Black "Obrezchikov, Mikhail"]
[Result "1-0"]
[WhiteElo "2176"]
[BlackElo "1983"]
[Annotator ""]
[Source ""]
[Remark ""]

1.e4 e6 2.g3 d5 3.Nc3 d4 4.Nce2 b6 5.Nf3 d3 6.cxd3 Qxd3 7.Nc3
Qd8 8.d4 Nf6 9.Ne5 Be7 10.Bb5+ Bd7 11.Nxd7 Nfxd7 12.O-O c6 13.Bc4
O-O 14.e5 a5 15.Qf3 Ra7 16.Bf4 b5 17.Bd3 b4 18.Ne4 f5 19.exf6
Bxf6 20.Qg4 e5 21.dxe5 Bxe5 22.Be3 Rb7 23.Rad1 Qe7 24.Ng5 Nf6
25.Qc4+ Kh8 26.Bc5 Qe8 27.Bxf8 Qxf8 28.Nxh7 Nxh7 29.Qe4 Ng5 30.Qh4+
Kg8 31.Qxg5 Qc5 32.Bh7+ 1-0

[Event "Moscow Open 2009 B"]
[Site "www.moscowchessopen.ru"]
[Date "2009.02.02"]
[Round "3.100"]
[White "Tekuchev, Robert"]
[Black "Shapfiullin, Ildar"]
[Result "0-1"]
[WhiteElo "1971"]
[BlackElo "2175"]
[Annotator ""]
[Source ""]
[Remark ""]

1.d4 Nf6 2.Nf3 b6 3.c4 Bb7 4.Nc3 e6 5.e3 Bb4 6.Bd2 O-O 7.a3 Bxc3
8.Bxc3 Ne4 9.Qc2 d6 10.Bd3 f5 11.O-O Nd7 12.Nd2 Nxc3 13.Qxc3
e5 14.b4 Qg5 15.d5 Rae8 16.f4 Qh6 17.Qc2 g6 18.Qa4 Qg7 19.Qxa7
Bc8 20.Rad1 exf4 21.Rxf4 Rxe3 22.Nf1 Qe5 23.Nxe3 Qxf4 24.Nf1
Qd4+ 25.Kh1 Ne5 26.Bc2 Qf2 27.Bb3 f4 28.Nd2 f3 29.Rg1 Qxd2 30.Qxc7
fxg2+ 31.Rxg2 Rf1+ 32.Rg1 Rxg1+ 33.Kxg1 Nf3+ 34.Kf1 Bh3# 0-1

[Event "Moscow Open 2009 B"]
[Site "www.moscowchessopen.ru"]
[Date "2009.02.02"]
[Round "3.101"]
[White "Bobrov, Yury"]
[Black "Harutyunian, Tigran K"]
[Result "1-0"]
[WhiteElo "2169"]
[BlackElo "1980"]
[Annotator ""]
[Source ""]
[Remark ""]

1.e4 c5 2.f4 Nc6 3.Nf3 d6 4.c3 Bg4 5.Be2 g6 6.O-O Bg7 7.d3 e6
8.Nbd2 Nge7 9.h3 Bxf3 10.Nxf3 O-O 11.Be3 Rb8 12.Qd2 b5 13.a3
a5 14.a4 b4 15.Rab1 d5 16.Bxc5 dxe4 17.Ng5 exd3 18.Bf3 bxc3 19.bxc3
Re8 20.Rb5 Qc7 21.Qxd3 Na7 22.Bd6 Qd7 23.Rxb8 Rxb8 24.Rd1 Rd8
25.Qa6 Nd5 26.Bc5 Nc6 27.c4 Ndb4 28.Qb6 Qc8 29.Rxd8+ Qxd8 30.Qb7
Bd4+ 31.Kh1 Qe8 32.Ne4 Bg7 33.Nd6 Qb8 34.Qxf7+ Kh8 35.Qxe6 Nd4
36.Nf7+ Kg8 37.Bxd4 Bxd4 38.Ne5+ Kg7 39.Qe7+ Kg8 40.Bg4 Bxe5
41.Be6+ Kh8 42.fxe5 Nd5 43.Bxd5 Qb1+ 44.Kh2 Qf1 45.Qf6+ Qxf6
46.exf6 1-0

[Event "Moscow Open 2009 B"]
[Site "www.moscowchessopen.ru"]
[Date "2009.02.02"]
[Round "3.102"]
[White "Nefedov, Sergey"]
[Black "Tyutyunnikov, Kirill"]
[Result "1-0"]
[WhiteElo "2166"]
[BlackElo "1972"]
[Annotator ""]
[Source ""]
[Remark ""]

1.d4 Nf6 2.Nf3 e6 3.g3 b6 4.Bg2 Bb7 5.O-O Be7 6.b3 O-O 7.Bb2
Na6 8.c4 c5 9.e3 Qc8 10.Nc3 Ne4 11.d5 Nxc3 12.Bxc3 f5 13.Re1
exd5 14.cxd5 Bf6 15.Bxf6 Rxf6 16.e4 fxe4 17.Ng5 Qf8 18.Bxe4 g6
19.Qg4 Qg7 20.d6 Bc6 21.Bxc6 dxc6 22.Qc4+ 1-0

[Event "Moscow Open 2009 B"]
[Site "www.moscowchessopen.ru"]
[Date "2009.02.02"]
[Round "3.103"]
[White "Gumirov, Konstantin L"]
[Black "Dragunov, Vladimir"]
[Result "1-0"]
[WhiteElo "2163"]
[BlackElo "1969"]
[Annotator ""]
[Source ""]
[Remark ""]

1.e4 c6 2.d4 d5 3.e5 e6 4.Ne2 c5 5.c3 Nc6 6.g3 h5 7.h4 Nge7 8.Bh3
Bd7 9.O-O Qb6 10.dxc5 Qxc5 11.b4 Qb6 12.Ba3 Qc7 13.f4 f6 14.b5
Na5 15.exf6 gxf6 16.Nd4 f5 17.Re1 Kf7 18.Nf3 Bg7 19.Ng5+ Kg6 1-0

[Event "Moscow Open 2009 B"]
[Site "www.moscowchessopen.ru"]
[Date "2009.02.02"]
[Round "3.104"]
[White "Murzin, Sergey"]
[Black "Ovchinnikov, Andrey"]
[Result "1/2-1/2"]
[WhiteElo "2160"]
[BlackElo "1964"]
[Annotator ""]
[Source ""]
[Remark ""]

1.c4 e6 2.d4 Nf6 3.Nf3 b6 4.a3 Bb7 5.Nc3 d5 6.e3 Be7 7.b3 Nbd7
8.Bb2 O-O 9.Be2 c5 10.O-O Rc8 11.Rc1 Ne4 12.Nxe4 dxe4 13.Ne5
Nxe5 14.dxe5 Qxd1 15.Rcxd1 Rcd8 16.f3 Rxd1 17.Rxd1 Rd8 18.Kf2
Bh4+ 19.g3 Rxd1 20.Bxd1 Bd8 21.f4 Bc6 22.Be2 Be7 23.Bc3 a5 24.Bd1
g6 25.g4 Bh4+ 26.Ke2 h6 27.b4 axb4 28.axb4 Be7 29.bxc5 Bxc5 30.Bd4
g5 31.Bxc5 bxc5 32.Kf2 Kg7 1/2-1/2

[Event "Moscow Open 2009 B"]
[Site "www.moscowchessopen.ru"]
[Date "2009.02.02"]
[Round "3.105"]
[White "Sinelnikov, Igor"]
[Black "Medvedev, Nikolai"]
[Result "1-0"]
[WhiteElo "2158"]
[BlackElo "1963"]
[Annotator ""]
[Source ""]
[Remark ""]

1.e4 c5 2.Nc3 d6 3.g3 Nc6 4.Bg2 Nf6 5.d3 Bg4 6.f3 Bd7 7.Nge2
a6 8.Bg5 e6 9.O-O h6 10.Bxf6 Qxf6 11.f4 h5 12.h4 Be7 13.f5 Qe5
14.Qd2 Nd4 15.Nf4 O-O-O 16.fxe6 Bxe6 17.Ncd5 Nc6 18.c3 g5 19.d4
Qg7 20.Nxe7+ Nxe7 21.Nxe6 fxe6 22.Qxg5 Rdg8 23.Qxg7 Rxg7 24.Kh2
Rhg8 25.Bh3 Kb8 26.Bxe6 Rh8 27.Rf7 Rxf7 28.Bxf7 Nc6 29.Rd1 cxd4
30.cxd4 Rh7 31.Bg6 Rh6 32.Be8 Nb4 33.Bf7 Rf6 34.Bxh5 Rf2+ 35.Kh3
Rxb2 36.a3 Nc6 37.Bg6 Ne7 38.h5 d5 39.Rf1 dxe4 40.Bxe4 Rb6 41.g4
Re6 42.Rf4 Kc7 43.g5 1-0